01374pam a2200277 a 45000010005000000030003000050050017000080200035000250200032000600400030000920820015001221000022001372450080001592600039002393000046002784900017003245000077003415000022004185050006004405200515004465210018009615210018009796500059009976550024010567000016010801859Uk20231005105757.0 a9781444005516 (pbk.) :c£4.99 a1444005510 (pbk.) :c£4.99 aStDuBDSbengcStDuBDSdUk04a823.922231 aSimon, Francesca.10aHorrid Henry meets the Queen /cFrancesca Simon ; illustrated by Tony Ross. aLondon :bOrion Children's,c2012. a79 pages :bcolor illustrations ;c20 cm.0 aEarly reader aOriginally published: as part of a collection with the same title. 2004. aFormerly CIP.5Uk aK aEarly Readers are stepping stones from picture books to reading books. A blue Early Reader is perfect for sharing and reading together. A red Early Reader is the next step on your reading journey. The Queen is coming to visit Horrid Henry's school. The real live Queen! Henry can't believe it. But when Miss Battle-Axe puts him in the back row, Henry is furious. Now how is he meant to find out how many TVs she has? Somehow Henry has to get himself noticed - and show the Queen just how horrid he can be . . . a480 bLexile aK bRaz-Plus 0aHorrid Henry (Fictitious character)vJuvenile fiction. 0aChildren's stories.1 aRoss, Tony.